|
|
|
|
| LEADER |
00000naa a2200000 a 4500 |
| 001 |
27928-4 |
| 005 |
20230308154255.0 |
| 008 |
005112| ||||||||r|||||||||||spa|| |
| 040 |
|
|
|b spa
|
| 041 |
1 |
|
|a spa
|
| 082 |
0 |
|
|a 617.96
|
| 100 |
|
|
|a Steadman, Randolph H.
|9 3596
|
| 245 |
|
|
|a Anestesia para intervención quirúrgica de trasplante de hpigado /
|c Randolph H. Steadman
|h imp
|n V. 4
|p Trasplante
|
| 264 |
|
|
|a México
|b McGraw Hill
|c 2004
|
| 300 |
|
|
|a v. 4 páginas: 665-688
|
| 520 |
3 |
|
|a El trasplante de higado ofrece a los pacientes que padecen enfermedad hepática una oportunidad óptima para que tengan supervivencia a largo plazo. Se describen las indicaciones actuales, la valoración preoperatoria, la selección de pacientes, la asistencia anestésica transoperatoria, y el resultado. También se revisa el manejo de situaciones especiales, incluye repetición del trasplante pediátrico e insuficiencia hepática fulminante. El éxito del trasplante de hígado ha conducido a aumento de la demanda. Esta demanda, junto con un surtido no en expansión de órganos de donadores muertos, ha dado por resultado una carencia de injertos y tiempos de espera prolongados. Se comentan soluciones nuevas, al usar injertos hepáticos segmentarios provenientes de donadores vivos, y los desafíos relacionados con este método.
|
| 650 |
1 |
|
|a Trasplante de higado
|9 3597
|
| 650 |
1 |
0 |
|a Anestesiología
|9 3598
|
| 773 |
0 |
|
|a Steadman, Randolph H.
|d México McGraw Hill 2004
|g v. 4
|t Clínicas de anestesiología
|
| 852 |
|
|
|a UC-SALUD
|c ESTANTERIA ABIERTA
|f Compra
|k teresa.torres
|l 1
|m Limitada
|p 20051122
|t 27928-4
|b 1
|d CDRS
|e CDRS
|g 617.96 ESTANTERIA ABIERTA
|z 2005-51-12
|
| 942 |
|
|
|c BKA
|
| 999 |
|
|
|c 1198
|d 1198
|